<?xml version='1.0' encoding='UTF-8'?>
  <record xmlns="http://www.loc.gov/MARC21/slim">
    <leader>00000cam a22000007i 4500</leader>
    <controlfield tag="001">ocm68053746</controlfield>
    <controlfield tag="003">OCoLC</controlfield>
    <controlfield tag="005">20251016185049.3</controlfield>
    <controlfield tag="008">980914s1478    sz            000 0 lat d</controlfield>
    <datafield tag="040" ind1=" " ind2=" ">
      <subfield code="a">NLGGC</subfield>
      <subfield code="b">eng</subfield>
      <subfield code="e">rda</subfield>
      <subfield code="e">dcrmr</subfield>
      <subfield code="c">NLGGC</subfield>
      <subfield code="d">OCLCL</subfield>
      <subfield code="d">OCLCQ</subfield>
      <subfield code="d">QGJ</subfield>
      <subfield code="d">OCLCO</subfield>
      <subfield code="d">QGJ</subfield>
      <subfield code="d">OCLCO</subfield>
    </datafield>
    <datafield tag="029" ind1="0" ind2=" ">
      <subfield code="a">NLGGC</subfield>
      <subfield code="b">17321584X</subfield>
    </datafield>
    <datafield tag="035" ind1=" " ind2=" ">
      <subfield code="a">(OCoLC)68053746</subfield>
    </datafield>
    <datafield tag="110" ind1="2" ind2=" ">
      <subfield code="a">Catholic Church,</subfield>
      <subfield code="e">issuing body.</subfield>
      <subfield code="4">isb</subfield>
    </datafield>
    <datafield tag="240" ind1="1" ind2="0">
      <subfield code="a">Decretales Gregorii IX</subfield>
    </datafield>
    <datafield tag="245" ind1="1" ind2="0">
      <subfield code="a">Noua [com]pilatio decretalium gregorij. ix.</subfield>
    </datafield>
    <datafield tag="246" ind1="1" ind2=" ">
      <subfield code="i">Title according to ISTC:</subfield>
      <subfield code="a">Decretales cum glossa</subfield>
    </datafield>
    <datafield tag="246" ind1="1" ind2=" ">
      <subfield code="i">Title according to IDL:</subfield>
      <subfield code="a">Decretales, cum glossa Bernardi Parmensis</subfield>
    </datafield>
    <datafield tag="246" ind1="1" ind2=" ">
      <subfield code="i">Title according to  Alblas, J. Incunabelen Rijksuniversiteit te Utrecht:</subfield>
      <subfield code="a">Decretales</subfield>
    </datafield>
    <datafield tag="264" ind1=" " ind2="1">
      <subfield code="a">In nobili vrbe Basilea. :</subfield>
      <subfield code="b">Mihahel Wenszler.</subfield>
      <subfield code="c">M.cccc.lxxviij. xiiij. k[a]le[ndis]. septe[m]b[ris] [19 Aug. 1478]</subfield>
    </datafield>
    <datafield tag="300" ind1=" " ind2=" ">
      <subfield code="a">[305] leaves ;</subfield>
      <subfield code="c">49 cm (folio)</subfield>
    </datafield>
    <datafield tag="336" ind1=" " ind2=" ">
      <subfield code="a">text</subfield>
      <subfield code="b">txt</subfield>
      <subfield code="2">rdacontent</subfield>
    </datafield>
    <datafield tag="337" ind1=" " ind2=" ">
      <subfield code="a">unmediated</subfield>
      <subfield code="b">n</subfield>
      <subfield code="2">rdamedia</subfield>
    </datafield>
    <datafield tag="338" ind1=" " ind2=" ">
      <subfield code="a">volume</subfield>
      <subfield code="b">nc</subfield>
      <subfield code="2">rdacarrier</subfield>
    </datafield>
    <datafield tag="340" ind1=" " ind2=" ">
      <subfield code="m">folio</subfield>
      <subfield code="2">rdabf</subfield>
    </datafield>
    <datafield tag="340" ind1=" " ind2=" ">
      <subfield code="k">2 columns</subfield>
    </datafield>
    <datafield tag="500" ind1=" " ind2=" ">
      <subfield code="a">Main entry according to ISTC, GW and IDL: Gregorius IX.</subfield>
    </datafield>
    <datafield tag="500" ind1=" " ind2=" ">
      <subfield code="a">Title from incipit (leaf [2] recto), which reads : Incipit noua [com]pilatio decretalium gregorij. ix.</subfield>
    </datafield>
    <datafield tag="500" ind1=" " ind2=" ">
      <subfield code="a">Some copies have incipit: Incipit noua [com]pilatio decretalium greg[orij]. ix.</subfield>
    </datafield>
    <datafield tag="500" ind1=" " ind2=" ">
      <subfield code="a">Publication statement from colophon (leaf [305] recto), which reads: Anno i[n]carnat[i]o[n]is d[omi]nice. M.cccc.lxxviij. xiiij. k[a]le[ndis]. septe[m]b[ris] Sanctissimo i[n] chr[ist]o p[at]re ac d[omi]no d[omi]no Sexto papa. iiij. po[n]tifice maximo. Illustrissimo. nobilissimo domus austrie. Friderico. Romano[rum] rege gloriosissimo. reru[m] dominis. Reuerendissimo in chr[ist]o p[at]re d[omi]no Joha[n]ne p[re]sule Basilien[si]. in nobili vrbe Basilea. suffragante diuina clementia. sine cuius ope nihil rite finitur. hoc p[re]sens decretale glosa cum ordinaria domini Bernhardi no[n] atramentali penna cannaue. sed arte q[ua]da[m] ingeniosa i[m]premendi cun[c]tipotenti deo aspira[n]te Mihahel Wenszler suis consignando armis feliciter [con]summavit.</subfield>
    </datafield>
    <datafield tag="500" ind1=" " ind2=" ">
      <subfield code="a">Poem in elegiac distichs on leaf [305] recto, with first two lines: Haud ego nec scriptas decretales neq[ue] pressas. // Confero cum nostris in tribus eximijs.</subfield>
    </datafield>
    <datafield tag="500" ind1=" " ind2=" ">
      <subfield code="a">Printer's device on leaf [305] recto.</subfield>
    </datafield>
    <datafield tag="500" ind1=" " ind2=" ">
      <subfield code="a">Incipit, captions, colophon, poem and printer's device printed in red.</subfield>
    </datafield>
    <datafield tag="500" ind1=" " ind2=" ">
      <subfield code="a">Text of Decretales surrounded by commentary by Bernardo Bottoni, also known as Bernardus Parmensis.</subfield>
    </datafield>
    <datafield tag="500" ind1=" " ind2=" ">
      <subfield code="a">Text printed in two columns.</subfield>
    </datafield>
    <datafield tag="500" ind1=" " ind2=" ">
      <subfield code="a">Capital spaces without guide letters.</subfield>
    </datafield>
    <datafield tag="500" ind1=" " ind2=" ">
      <subfield code="a">Signatures:  [a-c¹⁰ d-e⁶ f-h¹⁰ i-k⁶ l-m¹⁰ n⁸ o¹⁰p¹² q-s⁸ t-x¹⁰ y⁶ z⁸⁻¹ A-C¹⁰ D⁸ E⁶ F-G¹⁰ H⁸ I-K¹⁰ L¹²]; a1, and L12v are blank.</subfield>
    </datafield>
    <datafield tag="510" ind1="4" ind2=" ">
      <subfield code="a">Incunabula short title catalogue,</subfield>
      <subfield code="c">ig00450000</subfield>
      <subfield code="u">https://data.cerl.org/istc/ig00450000</subfield>
    </datafield>
    <datafield tag="510" ind1="4" ind2=" ">
      <subfield code="a">Gesamtkatalog der Wiegendrucke,</subfield>
      <subfield code="c">11456</subfield>
      <subfield code="u">https://www.gesamtkatalogderwiegendrucke.de/docs/GW11456.htm</subfield>
    </datafield>
    <datafield tag="510" ind1="4" ind2=" ">
      <subfield code="a">Incunabula in Dutch Libraries,</subfield>
      <subfield code="c">2061</subfield>
    </datafield>
    <datafield tag="510" ind1="4" ind2=" ">
      <subfield code="a">Bayerische Staatsbibliothek Inkunabelkatalog,</subfield>
      <subfield code="c">G-335</subfield>
      <subfield code="u">https://inkunabeln.digitale-sammlungen.de/Ausgabe_G-335.html</subfield>
    </datafield>
    <datafield tag="510" ind1="4" ind2=" ">
      <subfield code="a">Typenrepertorium der Wiegendrucke,</subfield>
      <subfield code="c">ma02456</subfield>
      <subfield code="u">https://tw.staatsbibliothek-berlin.de/ma02456</subfield>
    </datafield>
    <datafield tag="510" ind1="4" ind2=" ">
      <subfield code="a">Typenrepertorium der Wiegendrucke,</subfield>
      <subfield code="c">ma04227</subfield>
      <subfield code="u">https://tw.staatsbibliothek-berlin.de/ma04227</subfield>
    </datafield>
    <datafield tag="546" ind1=" " ind2=" ">
      <subfield code="b">Typface 1b:121G, 2:92G</subfield>
    </datafield>
    <datafield tag="650" ind1=" " ind2="0">
      <subfield code="a">Canon law</subfield>
      <subfield code="v">Early works to 1800.</subfield>
    </datafield>
    <datafield tag="650" ind1=" " ind2="6">
      <subfield code="a">Droit canonique</subfield>
      <subfield code="v">Ouvrages avant 1800.</subfield>
    </datafield>
    <datafield tag="650" ind1=" " ind2="7">
      <subfield code="a">Incunabula</subfield>
      <subfield code="2">fast</subfield>
    </datafield>
    <datafield tag="655" ind1=" " ind2="7">
      <subfield code="a">incunabula (books)</subfield>
      <subfield code="2">aat</subfield>
    </datafield>
    <datafield tag="655" ind1=" " ind2="7">
      <subfield code="a">Early works</subfield>
      <subfield code="2">fast</subfield>
    </datafield>
    <datafield tag="655" ind1=" " ind2="7">
      <subfield code="a">Incunables.</subfield>
      <subfield code="2">rvmgf</subfield>
    </datafield>
    <datafield tag="700" ind1="0" ind2=" ">
      <subfield code="a">Gregory</subfield>
      <subfield code="b">IX,</subfield>
      <subfield code="c">Pope,</subfield>
      <subfield code="d">approximately 1170-1241,</subfield>
      <subfield code="e">patron.</subfield>
      <subfield code="4">pat</subfield>
      <subfield code="1">https://id.oclc.org/worldcat/entity/E39PBJcBWF9XjXdvWphMgRy8G3</subfield>
    </datafield>
    <datafield tag="700" ind1="1" ind2=" ">
      <subfield code="a">Bottoni, Bernardo,</subfield>
      <subfield code="d">-1266,</subfield>
      <subfield code="e">commentator for written text.</subfield>
      <subfield code="4">cwt</subfield>
      <subfield code="1">https://id.oclc.org/worldcat/entity/E39PBJkMJQTp778xwT9bBwVQv3</subfield>
    </datafield>
    <datafield tag="700" ind1="1" ind2="2">
      <subfield code="i">Container of (work):</subfield>
      <subfield code="a">Bottoni, Bernardo,</subfield>
      <subfield code="d">-1266.</subfield>
      <subfield code="t">Glossa ordinaria in Decretales.</subfield>
    </datafield>
    <datafield tag="700" ind1="1" ind2=" ">
      <subfield code="a">Wenssler, Michael,</subfield>
      <subfield code="d">active 1472-1497,</subfield>
      <subfield code="e">printer.</subfield>
      <subfield code="4">prt</subfield>
      <subfield code="1">https://id.oclc.org/worldcat/entity/E39PBJfx8ptj386Rfj8FkkmKh3</subfield>
    </datafield>
    <datafield tag="752" ind1=" " ind2=" ">
      <subfield code="a">Switzerland</subfield>
      <subfield code="d">Basel,</subfield>
      <subfield code="e">publication place.</subfield>
      <subfield code="4">pup</subfield>
    </datafield>
  </record>